000 00540nam a22001937a 4500
003 OSt
005 20240710105238.0
008 240710b |||||||| |||| 00| 0 eng d
020 _a1862070237
040 _cMUST
082 _a330.12 GRA 1998
100 _aGray, John
_918607
245 _aFalse dawn :
_bthe delusions of global capitalism /
_cJohn Gray
260 _aLondon
_bGranta Books
_c1998
300 _a234 p.:
_c27 cm.
504 _aIncludes bibliographical references and index
650 _aEconomics
_9975
942 _2ddc
_cO_SHELF
999 _c9138
_d9138